Z histórie

Bibliographic Details
Main Author: Sajenko, Milan, 1933-2020 (Author)
Format: Article
Language:Slovak
Subjects:

MARC

LEADER 00000nab a2200000 a 4500
001 vtls001008158
003 SK-MaSNL
005 20260303221747.0
008 040720e20000818xo 0 slo
035 |a RV8758 
040 |a RVGKPD  |b slo  |c RVGKPD  |e AACR2 
041 0 |a slo 
044 |a xo  |c SK 
080 |a 284.991(091)  |2 1981 
100 1 |a Sajenko, Milan,  |d 1933-2020  |4 aut  |9 5248 
245 1 0 |a Z histórie 
650 0 7 |a Evanjelická cirkev a.v   |2 RVGKPD  |9 268741 
650 0 7 |a dejiny  |2 RVGKPD  |9 3825 
651 7 |a Slavošovce (Slovensko)  |2 RVGKPD  |9 28955 
655 7 |a periodikum  |2 snkbucl  |9 29553 
773 0 8 |t Slavošovské obecné noviny  |g Roč. 5, č.20, 18.8.2000, s. 4 
852 |a ZVYKNI  |b KIS3GCP 
999 |c 2236070  |d 2238000